000 00539nam a2200229Ia 4500
003 OSt
005 20220924133657.0
006 a|||||r|||| 00| 0
007 ta
008 ASM
024 _a267839
037 _cTextual
040 _aARTS
_cARTS
_bASM
041 _2ASM
_aASM
082 _aQ7, 158M0
100 _aKhgendra Narayan
_9207057
245 0 _aVishad sindhu
260 _c1980
700 _a Dutt Vruva
_9207058
942 _hQ7, 158M0
_cTEXL
_2CC
999 _c434713
_d434713